| 000 | 01816nam a2200253Ia 4500 | ||
|---|---|---|---|
| 008 | 260220t1980||||xx |||||||||||||| ||spa|| | ||
| 040 |
_aPY-SlUNAC _bspa _erda |
||
| 041 | _aspa | ||
| 082 |
_a669.9 _bR251p |
||
| 100 |
_aReed Hill, Robert E. _eAutor |
||
| 245 | 0 |
_aPrincipios de metalurgia física / _cpor Robert E. Reed Hill [Autor] |
|
| 250 | _aSegunda edición | ||
| 264 |
_aCiudad de México : _bContinental, _c℗1980. |
||
| 300 | _a1 volumen | ||
| 520 | _aEl libro "Principios de metalurgia física" de Robert E. Reed Hill ofrece una visión integral de los fundamentos teóricos y prácticos que rigen el comportamiento de los metales y sus aleaciones. A lo largo de sus capítulos, el autor explora conceptos esenciales como la estructura cristalina, las propiedades mecánicas, la deformación plástica y los procesos de tratamiento térmico, proporcionando un marco conceptual que permite comprender la relación entre la microestructura y las propiedades de los materiales metálicos. Además, se analizan las técnicas de caracterización y ensayos mecánicos, así como la importancia de la metalurgia en aplicaciones industriales. El texto se apoya en ejemplos y estudios de caso que ilustran cómo los principios teóricos se aplican en situaciones reales, facilitando así el aprendizaje de estudiantes y profesionales del área. Con un enfoque didáctico, este libro se convierte en una referencia fundamental para quienes deseen profundizar en el campo de la metalurgia física y su relevancia en la ingeniería de materiales. | ||
| 653 | _aCiencia de los materiales | ||
| 653 | _aMateriales | ||
| 653 | _aMetalurgia | ||
| 942 |
_b2026/02/17 _cBK |
||
| 999 |
_c8834 _d8834 |
||